Automatická regulácie posuvu nástroja v závislosti od hodnoty krútiaceho momentu - návrh limitného systému pre frézku FB 25V. /

Saved in:
Bibliographic Details
Main Author: Krsek, Aleš, 1940- (Author)
Format: Manuscript Book
Published: Bratislava : SVŠT v Bratislave SjF, 1972
Tags: Add Tag
No Tags, Be the first to tag this record!

MARC

LEADER 00000ntm a22000003a 4500
001 stu47488
005 20150617225710.5
008 ------s1972----cs----------------------d
040 |a STU  |b slo 
041 0
044 |a cs 
080 |a 6231.914-229.3.6-52 
100 1 |a Krsek, Aleš,  |d 1940-  |4 aut  |u J120  |U SjF Ústav výrobných systémov, enviromentálnej techniky a manažment kvality  |T SjF Katedra výrobných systémov  |X 2458  |U J120  |Y 38  |7 A000002458 
245 1 |a Automatická regulácie posuvu nástroja v závislosti od hodnoty krútiaceho momentu - návrh limitného systému pre frézku FB 25V. /  |c [aut.] Krsek,Aleš 
260 |a Bratislava :  |b SVŠT v Bratislave SjF,  |c 1972 
300 |a 105 s 
996 |b J39853  |c J*39853/DIZ.  |l JJSK  |s A  |a 24  |w stu47488_0001